000 00541 a2200193 4500
003 OSt
005 20180116182932.0
008 160830b xxu||||| |||| 00| 0 eng d
020 _a8125903372
022 _a8125903372
040 _c0
082 _a658 CHA 1997
100 _aChandan, JS
245 _aManagement :
_bConcepts and Strategies
_cJ.S.Chandan
260 _aNew Delhi
_bVikas Publishing House PVT LTD
_c1997
300 _a552 p.
_bPhoto copy
440 _aManagement / Concepts and Strategies
942 _aNBS
_cBK
_k658 CHA
_2ddc
999 _c348879
_d348879